00370cam a22001217a 4500008004000000082001600040100002200056245005700078260004500135300000900180500003500189650002400224180718b1957 xxu||||| |||| 00| 0 eng d aK12x73 L645 aLindsay, David R. aWhat's ahead for civil service?cby David R. Lindsay aNew YorkbPublic Affairs Committeec1957 a28p. aPublic affairs pamphlet no.258 aCivil Service - USA